| 000 | 00973nam a2200241 i 4500 | ||
|---|---|---|---|
| 001 | 33733 | ||
| 003 | ES-MaACL | ||
| 005 | 20230906154818.0 | ||
| 007 | t| | ||
| 008 | 030203s1911 sp ||||1| spa d | ||
| 100 | 1 |
_aOrtner, Norbert. _987662 |
|
| 245 | 1 | 0 |
_aAfecciones del aparato circulatorio y de las vías respiratorias / _cpor los profesores N. Ortner y Oscar Bruns ; versión española directa del alemán por Laureano Lotero Fernández. |
| 260 |
_aMadrid : _bSaturnino Calleja Fernández, _c1911. |
||
| 300 |
_a69 p. ; _c24 cm. |
||
| 490 | 1 |
_aAnuario de ciencias médicas. Segunda serie ; _v2 |
|
| 650 | 0 | 4 |
_aAparato circulatorio- _xEnfermedades. _99905 |
| 650 | 4 |
_aAparato respiratorio- _xEnfermedades. _9135585 |
|
| 700 | 0 |
_aBruns, Oscar. _932206 |
|
| 700 | 1 |
_aLotero Fernández, Laureano. _9162402 |
|
| 830 | 0 |
_aAnuario de ciencias médicas. Segunda serie ; _v2 _9180969 |
|
| 852 |
_aES-MaACL _jB-11065(2) _z.- Enc. con otras obras |
||
| 999 |
_c33733 _d33733 |
||